ბათუმის შოთა რუსთაველის სახელმწიფო უნივერსიტეტის ბიბლიოთეკა

ინფორმატიკის შესავალი (ბიბ.ჩანაწერი № 42762)

000 -LEADER
fixed length control field 00876nam a2200265Ia 4500
001 - CONTROL NUMBER
control field 9468
003 - CONTROL NUMBER IDENTIFIER
control field GE_BSU
008 - FIXED-LENGTH DATA ELEMENTS--GENERAL INFORMATION
fixed length control field 181216s||||||||xx |||||||||||||| ||und||
020 ## - INTERNATIONAL STANDARD BOOK NUMBER
International Standard Book Number 9789941122095
040 ## - CATALOGING SOURCE
Transcribing agency GE_BSU
080 ## - UNIVERSAL DECIMAL CLASSIFICATION NUMBER
Universal Decimal Classification number 004(075.8)+004.738.5
100 ## - MAIN ENTRY--PERSONAL NAME
Personal name ნამიჩეიშვილი,ოლეგ
245 ## - TITLE STATEMENT
Title ინფორმატიკის შესავალი
245 ## - TITLE STATEMENT
Remainder of title სახ–ლო სტუდ–ს
245 ## - TITLE STATEMENT
Statement of responsibility, etc. რედ.დავითგორდეზიანი
250 ## - EDITION STATEMENT
Edition statement მეორე გამ–მა
260 ## - PUBLICATION, DISTRIBUTION, ETC.
Place of publication, distribution, etc. თბილისი
260 ## - PUBLICATION, DISTRIBUTION, ETC.
Name of publisher, distributor, etc. უნივერსალი
260 ## - PUBLICATION, DISTRIBUTION, ETC.
Date of publication, distribution, etc. 2008
300 ## - PHYSICAL DESCRIPTION
Extent 142გვ.20სმ.
300 ## - PHYSICAL DESCRIPTION
Accompanying material ბიბლიოგრ. გვ.135
653 ## - INDEX TERM--UNCONTROLLED
Uncontrolled term ინფორმატიკის შესავალი
942 ## - ADDED ENTRY ELEMENTS (KOHA)
Koha item type წიგნი
ეგზემპლარები
Withdrawn status Lost status Damaged status Not for loan Date acquired Barcode Date last seen Price effective from Koha item type
        2018-12-17 32589 2018-12-17 2018-12-17 წიგნი